000 00297nam a2200109Ia 4500
008 171211s9999 xx 000 0 und d
245 _aHow to Do Everything Adobe Acrobat X
245 _cDoug Sahlin
260 _c2011
650 _xSOFTWARE
856 _uhttp://down.ebook777.com/063/0071752935.pdf
999 _c349323
_d349323